1599 1985 1602 1131 1860 1427 1344 1243 1647 1837 1599 1017 1367 1201 1001 1098 1080 1135 1891 1901 1019 1821 1772 1561 1683 1817 1526 1545 1484 1998 1922 1085 1179 1684 1488 1820 1913 1872 1705 1101 1831 1670 1754 1248 1962 1724 1342 1886 1031 1591 1154 1027 1050 1751 1332 1142 1772 1518 1027 1764 1013 1874 1298 1877 1329 1849 1878 1551 1777 1683 1154 1271 1638 1452 1557 1654 1704 1926 1286 1331 1269 1099 1057 1074 1953 1942 1582 1032 1002 1884 1701 1128 1064 1406 1856 1966 1918 1272 1716 BCNSPRNW ULIB Ver.6.0+V

เปลี่ยนเป็นภาษาไทย

Change to English
 แสดงรายละเอียดบรรณานุกรม
  กลับหน้าหลัก

Brief Record : Get Marc (ISO 2709) : E-mail record : QR code < ปิดหน้าต่าง
LEADER : 00000nam 2200000uu 4500
001    13399114556
003     ULIB
008    110627s2549||||th 000 0 tha d
020    9789749804740
090    นว.^bบ293อ
100 0  บาร์เกอร์, ไคลฟ์
245 00 อบารัต : วันแห่งเวทมนตร์ คืนแห่งสงคราม /^cซอย ยูริ
250    พิมพ์ครั้งที่ 1
260    กรุงเทพฯ :^bแพรวเยาวชน,^c2549
300    581 หน้า
710 1  แพรวเยาวชน
945    ^p545^l0^i020518
995    ทศพร
999 ^a ใช้งานได้ทุกระบบ
รายการนี้ยังไม่มีแท็ก
คุณยังไม่ได้ล็อกอิน คุณสามารถมีกิจกรรมร่วมกับเว็บไซต์ได้ แต่ต้องล็อกอินก่อน ::
  ล็อกอิน

รายการสื่อสารสนเทศ

ลำดับที่ ประเภท เลขเรียก/บาร์โค้ด สถานที่ สถานะ
1. นวนิยาย
นวนิยาย
นว. บ293อ ฉ.1 
  Barcode: 020518
ห้องสมุดวิทยาเขตสวรรค์ประชารักษ์
►นวนิยาย
บนชั้น
  ขอยืม

BibComment


ยังไม่เคยถูกคอมเมนท์

คอมเมนท์ทรัพยากรรายการนี้
  คอมเมนท์: อบารัต วันแห่งเว..


 Copyright 2026. Bcnsprnw @Library